Informe de labores de la Secretaría General 1979

Informa sobre las labores desarrollas por la secretaría general de la Confederación Universitaria Centroamericana (CSUCA) durante 1979 - Divide el informe en los siguientes puntos: Tareas especificas de la secretaria general, Programa Centroamericano de Ciencias Sociales, Programa Centroamericano de...

Descrizione completa

Salvato in:
Dettagli Bibliografici
Ente Autore: CSUCA
Natura: testo
Pubblicazione: San José: CSUCA
Tags: Aggiungi Tag
Nessun Tag, puoi essere il primo ad aggiungerne!!

MARC

LEADER 00000 a a2200000 04500
001 20628
003
040
090 |a 087200  
110 |a CSUCA  
245 |a Informe de labores de la Secretaría General 1979  
260 |a San José:   |b CSUCA  
300 |a 353 p.  
520 |a Informa sobre las labores desarrollas por la secretaría general de la Confederación Universitaria Centroamericana (CSUCA) durante 1979 - Divide el informe en los siguientes puntos: Tareas especificas de la secretaria general, Programa Centroamericano de Ciencias Sociales, Programa Centroamericano de Ciencias de la Salud, Programa Centroamericano de Ciencias de Asuntos Culturales, Secretaría Adjunta para Asuntos Estudiantiles, Programa Centroamericano de Desarrollo Científico y Tecnológico, y Editorial Universitaria Centroamericana. Señala para cada programa los proyectos de investigación que desarrollan, las reuniones y seminarios realizados y aspectos docentes  
999 |c 17289  |d 17289